000 02133nam a2200553 c 4500
001 51958
003 ES-MaCES
005 20250526142702.0
007 cr |||||||||||
008 210907s2021 sp 000 ||spa d
017 _aNA 1011-2021
_bDL
020 _a9788413909240
020 _aISBN (electrónico)
040 _aES-MaCES
_bspa
_cES-MaCES
245 0 0 _aMujer, trabajo y nuevas tecnologías
_b: un estudio del impacto de las nuevas tecnologías en el ámbito laboral desde una perspectiva de género
_cAna María Romero Burillo, dir. y coord. ; Yolanda Bardina Martín, coord.
250 _a1ª ed
260 _aCizur Menor (Navarra)
_bAranzadi-Thomson Reuters
_c2021
300 _a181 p.
_c24 cm
490 1 _aEstudios
500 _a Publicación en formato DÚO (papel + libro ectrónico). Disponible en formato electrónico mediante la aplicación PROVIEW
504 _aBibliografía
541 _cCompra
650 4 _amujeres
_928657
650 4 _atrabajo
_928289
650 4 _atrabajadora
_928413
650 4 _anuevas tecnologías
_930788
650 4 _atecnología de la información
_930104
650 4 _aevaluación del impacto
_930732
650 4 _aoportunidades de empleo
_927182
650 4 _ainserción profesional
_929942
650 4 _aselección
_930039
650 4 _arelaciones laborales
_928369
650 4 _acondiciones de trabajo
_928327
650 4 _ateletrabajo
_929568
650 4 _aacoso sexual
_929555
650 4 _aacoso laboral
_930708
650 4 _adiscriminación por razones de sexo
_929521
650 4 _aigualdad de oportunidades en el empleo
_930649
650 4 _aplanificación en función del género
_930645
650 4 _aEspaña
_926964
650 4 _arégimen jurídico
_929894
653 1 0 _aMujer
700 1 _922571
_aRomero Burillo, Ana María
_edir.
700 1 _940087
_aBardina Martín, Yolanda
_ecoord.
830 0 _aEstudios (Thomson Reuters-Aranzadi)
_934937
856 4 _uhttps://legalteca.aranzadilaley.es/my-library?sponsor=82111144-IP
_yLegalteca
902 _aLIB Libro
942 _2CES
_cBK
_h3.3.
999 _c51958
_d51958